00329nam a2200121Ia 4500008004100000020002200041041000800063082002100071100001900092245005000111260003700161300000900198230411s9999 xx 000 0 und d a978-93-5152-590-5 aeng aA/611/SIN/B08926 aSingh Inderbir aHandbook of Anatomy and Physiology for Nurses bJaypee BrothersaNew Delhic2015 a604p